Szczegóły MARC21

Sprechblasen ; Verstreute Gedichte 3 /

003 -Nazwa inst., której nr kontr. jest w polu 001 [,]
    • @
    • Nazwa instytucji, której n kontrolny jest w polu 001
    • NUKAT
005 -DATA I CZAS OSTATNIEJ MODYFIKACJI [,]
    • @
    • pole kontrolne
    • 20241231105908.0
020 -Międzynarod. znormalizowany nr książki - ISBN [ , ]
    • a
    • Numer ISBN
    • 363086922X Find
040 -Instytucja sporządzająca opis [ , ]
    • a
    • Instytucja, która sporządziła opis (NP)
    • SZCZ U/AB
    • b
    • Język katalogowania
    • pol
    • e
    • Zasady katalogowania
    • rda
    • c
    • Instytucja, która sporządziła rekord (NP)
    • SZCZ U/ABs
041 -Język dokumentu [0, ]
    • a
    • Język tekstu (P)
    • niemiecki
    • a
    • Język tekstu (P)
    • angielski
942 -Rodzaj dokumentu [ , ]
    • c
    • Rodzaj dokumentu
    • Książka
100 -Hasło główne - nazwa osobowa [1, ]
    • a
    • Nazwa osobowa (NP)
    • Jandl, Ernst
    • d
    • Daty biograficzne (NP)
    • (1925-2000).
    • e
    • Rodzaj współpracy
    • Autor
    • 9
    • KHW
    • 57093
240 -Tytuł ujednolicony [1,0]
    • a
    • Tytuł ujednolicony
    • Sprechblasen
    • l
    • Język tekstu
    • (niem.)
    • 9
    • KHW
    • 549973
245 -Strefa tytułu i oznaczenia odpowiedzialności [1,0]
    • a
    • Tytuł
    • Sprechblasen ; Find
    • b
    • Ciąg dalszy tytułu (NP)
    • Verstreute Gedichte 3 / Find
    • c
    • Pozostałe elementy strefy tytułu i oznaczenia odpowiedzialności (NP)
    • Ernst Jandl ; herausgegeben von Klaus Siblewski.
250 -Strefa wydania [ , ]
    • a
    • Oznaczenie wydania (NP)
    • 1. Auflage.
260 -Strefa adresu wydawniczego [ , ]
    • a
    • Miejsce wydania (P)
    • München :
    • b
    • Nazwa wydawcy (P)
    • Luchterhand,
    • c
    • Data wydania (P)
    • 1997.
300 -Strefa opisu fizycznego [ , ]
    • a
    • Określenie formy książki i/lub objętość (NP)
    • 186, [4] strony :
    • b
    • Oznaczenie ilustracji (NP)
    • ilustracje ;
    • c
    • Format (NP)
    • 21 cm.
336 -Typ zawartości [ , ]
    • a
    • Termin opisujący typ zawartości
    • Tekst
    • b
    • Kod określający zawartość
    • txt
    • 2
    • Źródło (terminu i kodu)
    • rdacontent
337 -Typ mediów [ , ]
    • a
    • Tryb odtwarzania
    • Bez urządzenia pośredniczącego
    • b
    • Kod typu mediów
    • n
    • 2
    • Źródło (terminu i kodu)
    • rdamedia
338 -Typ/rodzaj nośnika [ , ]
    • a
    • Hasło opisujące typ nośnika
    • Wolumin
    • b
    • Kod typu nośnika
    • nc
    • 2
    • Źródło (terminu i kodu)
    • rdacarrier
380 -Deskryptor - Forma dzieła (P) [ , ]
    • a
    • forma dzieła (NP)
    • Poezja
490 -Strefa serii i książki wielotomowej - forma nie do wyszukiwania [1, ]
    • a
    • Tytuł (P)
    • Poetische Werke / Ernst Jandl ; Find
    • v
    • Numeracja (P)
    • 3
546 -Uwaga dot. języka [ , ]
    • a
    • Uwaga dot. języka
    • Część wierszy w języku angielskim.
655 -Hasło w funkcji tematu formalnego [ ,7]
    • a
    • Hasło
    • Poezja austriacka
    • y
    • Określnik chronologiczny
    • 1945-.
    • 2
    • Źródło terminu
    • kaba
    • 9
    • KHW
    • 453721
655 -Hasło w funkcji tematu formalnego [ ,7]
    • a
    • Hasło
    • Poezja eksperymentalna austriacka.
    • 2
    • Źródło terminu
    • kaba
    • 9
    • KHW
    • 184971
700 -Hasło dodatkowe - nazwa osobowa [1, ]
    • a
    • Nazwa osobowa (NP)
    • Siblewski, Klaus Find
    • d
    • Daty biograficzne (NP)
    • (1950- ).
    • e
    • Określenie rodzaju współpracy
    • Redakcja
    • 9
    • KHW
    • 549611
700 -Hasło dodatkowe - nazwa osobowa [1,2]
    • a
    • Nazwa osobowa (NP)
    • Jandl, Ernst Find
    • d
    • Daty biograficzne (NP)
    • (1925-2000).
    • t
    • Tytuł ujednolicony/tytuł (NP)
    • Verstreute Gedichte. Find
    • n
    • Oznaczenie części (P)
    • 3
    • l
    • Język tekstu (NP)
    • (niem.)
    • 9
    • KHW
    • 549972
710 -Hasło dodatkowe - nazwa ciała zbiorowego [2, ]
    • a
    • Nazwa ciała zbiorowego lub nazwa geograficzna jako pierwszy element (NP)
    • Luchterhand Literaturverlag.
    • e
    • Rodzaj współpracy
    • Wydawca
    • 4
    • Kod relacji
    • pbl
    • 9
    • KHW
    • 402242
800 -Hasło dodatkowe opisu książki wielotomowej - nazwa osobowa [1, ]
    • a
    • Nazwa osobowa (NP)
    • Jandl, Ernst
    • d
    • Daty biograficzne (NP)
    • (1925-2000).
    • t
    • Tytuł ujednolicony/tytuł (NP)
    • Poetische Werke
    • v
    • Oznaczenie tomu (NP)
    • 3
    • 9
    • KHW
    • 514644
920 -ISBN [ , ]
    • a
    • ISBN
    • 3-630-86922-X Find
Sygnatura Lokalizacja Data inwentaryzacji Numer inwentarzowy Status udost.
Germ. PoezjaBM2020-01-23BC.13398-3